000 00556nam a2200193 a 4500
005 20240911064233.0
008 991125s1986 mx 000 0 spa u
020 _a9684111495
035 _aUPN01000012237
049 _aCG
050 4 _aHB501
_bR5.2
100 1 _aRivera Ríos, Miguel Angel
245 1 0 _aCrisis y reorganización del capitalismo mexicano, 1960-1985 /
_cMiguel Angel Rivera Ríos.
260 _aMéxico :
_bEra,
_c1986.
300 _a277 p.
440 0 _aProblemas de México
650 4 _aCapitalismo
_zMéxico
_96568
905 _aLibro
999 _c12237
_d12237